Statistics for Top 20 Countries by HDI (Human Development Index)

Click here to take the quiz!

General Stats

  • This quiz has been taken 202 times
    (29 since last reset)
  • The average score is 18 of 20

Answer Stats

HDICountry% Correct
0.950Germany
100%
0.935Canada
96%
0.952Denmark
96%
0.942Finland
96%
0.959Iceland
96%
0.950Ireland
96%
0.927Luxembourg
96%
0.966Norway
96%
0.952Sweden
96%
0.940United Kingdom
96%
0.942Belgium
93%
0.946Netherlands
93%
0.939New Zealand
93%
0.929South Korea
93%
0.927United States
93%
0.946Australia
89%
0.949Singapore
89%
0.967Switzerland
89%
0.942Liechtenstein
85%
0.937United Arab Emirates
67%

Score Distribution

Percentile by Number Answered

Percent of People with Each Score

Your Score History

You have not taken this quiz since the last reset